The Office Pam's Speech Quiz Stats

 Plays Quiz not verified by Sporcle

Score 0/194 Timer 10:00
0 Plays Today
% Correct
I
99.5%
I
99.5%
I
99.5%
I
99.5%
I
99.5%
I
99.5%
I
99.5%
I
99.5%
I
99.5%
I
99.5%
I
99.5%
I
99.5%
I
99.5%
I
99.5%
the
98.8%
And
98.8%
And
98.8%
and
98.8%
And
98.8%
And
98.8%
And
98.8%
a
98.8%
the
98.8%
And
98.8%
And
98.8%
The
98.8%
and
98.8%
the
98.8%
the
98.8%
you
97.3%
you
97.3%
you.
97.3%
you
97.3%
you.
97.3%
You
97.3%
you.
97.3%
you
97.3%
you.
97.3%
you.
97.3%
you,
97.3%
you.
97.3%
you,
97.3%
be
93.4%
Jim,
93.3%
Jim,
93.3%
to
91.4%
to
91.4%
to
91.4%
to
91.4%
to
91.4%
to
91.4%
my
90.5%
my
90.5%
my
90.5%
my
90.5%
my
90.5%
of
90.4%
of
90.4%
of
90.4%
of
90.4%
of
90.4%
of
90.4%
that.
89.3%
That
89.3%
that
89.3%
% Correct
that
89.3%
that
89.3%
it.
89.1%
did
88.8%
did
88.8%
friend
88.2%
do
87.8%
we're
86.3%
were
86.3%
were
86.3%
not
85.3%
not
85.3%
not,
85.3%
not
85.3%
walk.
85.2%
Michael,
84.3%
even
84%
even
84%
even
84%
coal
83.9%
really
83.7%
really
83.7%
really
83.7%
really
83.7%
in
83%
in
83%
miss
82.8%
best
82.8%
miss
82.8%
miss
82.8%
now.
81.8%
now
81.8%
now
81.8%
Just...
81.2%
just,
81.2%
Just
81.2%
just
81.2%
off
81%
off
81%
couldn't
80.4%
friends.
80.1%
Why
76.2%
because
75.9%
wedding
75.8%
wedding.
75.8%
your
74.9%
any
74.9%
any
74.9%
didn't
74.8%
didn't
74.8%
all
74.7%
with
74.5%
is,
74.5%
with
74.5%
is
74.5%
with
74.5%
say
74.2%
art
73.8%
should
72.9%
show?
72.8%
don't
72.8%
come
72.2%
But
71.9%
called
71.8%
some
71.3%
% Correct
thing
71.2%
like
71.1%
like
71.1%
like,
71.1%
everyone
70.5%
everyone
70.5%
have
69.7%
call
68.4%
you're
67.7%
sucks.
67.6%
else.
67.1%
else
67.1%
that's
65.7%
That's
65.7%
feel
64.8%
there
64.6%
boss.
64.5%
what
63.8%
I'm...
63.5%
I'm
63.5%
I'm
63.5%
It's
63.3%
It's...
63.3%
hurt.
63.2%
Maybe
62.7%
invited
62.4%
good
62.3%
someone
61.4%
care
61.3%
about
60.7%
lot
60.6%
right
60.3%
sucked.
60%
went
59.9%
are
59.8%
those
58.5%
reasons
58.3%
reasons
58.3%
fine.
58.1%
feet
57.4%
Roy.
57.1%
before
56.9%
circle,
56.7%
circle.
56.7%
us,
56.4%
Wow,
56.2%
trying
54.3%
exist.
52.7%
been
52.6%
until
52.1%
Stamford.
51.9%
act
51.5%
met
51.5%
truth
49.1%
weird
48.4%
shouldn't
48%
things
47.8%
between
45.1%
fun
42.8%
guess,
42%
having
41.5%
okay
39.6%
sometimes
37.5%
whatever.
22.9%

You're not logged in!

Compare scores with friends on all Sporcle quizzes.
OR
Log In

Sporcle TV

Today on Sporcle TV


Watch our educational content, quiz creation guides, and fun videos on Sporcle TV.

Show Comments

Extras

Top Quizzes Today


Score Distribution

Your Account Isn't Verified!

In order to create a playlist on Sporcle, you need to verify the email address you used during registration. Go to your Sporcle Settings to finish the process.

Report this User

Report this user for behavior that violates our Community Guidelines.

Details: